แสดงรายละเอียดบรรณานุกรม
  กลับหน้าหลัก

Brief Record : Get Marc (ISO 2709) : E-mail record : QR code ปิดหน้าต่าง
LEADER 00000nam 2200000uu 4500
008    111222s2554||||th 000 0 tha d
040    ^aBcnkk.
041 0  ^aThai.
060  0 ^aวจ WA 20.5 ส868ถ 2554.
100 0  ^aสุวคนธ์ แก้วอ่อน.
245 00 ^aรายงานผลการวิจัยเรื่อง ถอดบทเรียนกระบวนการเรียนรู้อย่างมีส่วนร่วมโครงการพัฒนาหลักสูตรฝึกอบรมเพื่อพัฒนาศักยภาพ อสม. สู่การบริการด้วยหัวใจความเป็นมนุษย์ กรณีศึกษา : ชุมชนบ้านเป็ด จ.ขอนแก่น,ชุมชนน้ำพอง จ.ขอนแก่น,ชุมชนยางตลาด จ.กาฬสินธุ์./สุวคนธ์ แก้วอ่อน,นิชิต เสนไสย,จุรี แสนสุข.
260    ^aขอนแก่น : ^bโรงพยาบาลขอนแก่น,^c2554.
300    ^aจำนวน 48 หน้า ; ^bภาพประกอบ.
650  0 ^aการพัฒนาหลักสูตร ^xการฝึกอบรม.
650  0 ^aกระบวนการเรียนรู้อย่างมีส่วนร่วม. ^xยางตลาด ^zกาฬสินธุ์.
650  0 ^aการบริการด้วยหัวใจความเป็นมนุษย์.
650  0 ^aวิจัย.
700 0  ^aนิชิต เสนไสย.
700 0  ^aจุรี แสนสุข.
710 1  ^aโรงพยาบาลขอนแก่น.
999    ^aใช้งานได้ทุกระบบ
รายการนี้ยังไม่มีแท็ก
คุณยังไม่ได้ล็อกอิน คุณสามารถมีกิจกรรมร่วมกับเว็บไซต์ได้ แต่ต้องล็อกอินก่อน ::
  ล็อกอิน
ลำดับที่ ประเภท เลขเรียก สถานที่ สถานะ
1. งานวิจัย
งานวิจัย
วจ WA 20.5 ส868ถ 2554  
  
ชั้นหนังสือวิจัย On Shelf
  ขอยืม
   [แสดง 1/1 รายการ]

รายการใกล้เคียง
    ผู้แต่ง [สุวคนธ์ แก้วอ่อน.]

    หัวเรื่อง [การพัฒนาหลักสูตร การฝึกอบรม.]
    หัวเรื่อง [วิจัย.]

BibComment


ยังไม่เคยถูกคอมเมนท์

คอมเมนท์ทรัพยากรรายการนี้
  คอมเมนท์: รายงานผลการวิจัย..
Bib 206803

 
 
 

 Union Library Management : ULibM
Copyright 2026. All Rights Reserved.
скачать бесплатно без регистрации порно красивый секс HD Sex Hindi sex

xxx gou

xxxx

bfxxx

xxxwww

Секса Видео

xxxx

Секса Видео

detube

geilexxx

C99 Shell

worms shell

blod xxx video
Ebony Coed Rihanna Rimes Takes A Dick In Her Young Twat priyaa indian fuck anal and pusssy hardcore indian women xxx desi hardcore fucking part 1 bengalixxxcouple